书目信息 |
| 题名: |
中文版Dreamweaver MX标准教程
|
|
| 作者: | 王克杰 著 | |
| 分册: | ||
| 出版信息: | 北京 宇航出版社 2003.05 |
|
| 页数: | 276页 | |
| 开本: | 26cm | |
| 丛书名: | ||
| 单 册: | ||
| 中图分类: | TP393.092 | |
| 科图分类: | ||
| 主题词: | 计算机应用 | |
| 电子资源: | ||
| ISBN: | 978-7-80144-569-8 | |
| 000 | 00809nam0 2200241 450 | |
| 001 | 555612 | |
| 005 | 20100805151106.40 | |
| 010 | @a978-7-80144-569-8@dCNY22.00 | |
| 100 | @a20100515d2003 em y0chiy0121 ea | |
| 101 | @achi | |
| 102 | @aCN@b110000 | |
| 105 | @ay z 000yy | |
| 200 | 10 | @a中文版Dreamweaver MX标准教程@Azhong wen ban Dreamweaver MX biao zhun jiao cheng@f王克杰著@Fwang ke jie zhu |
| 210 | @a北京@c宇航出版社@d2003.05 | |
| 215 | @a276页@d26cm | |
| 300 | @a"十五"全国计算机培训教育规划标准教材 | |
| 330 | @a本书是专为想在最短时间内全面学习和掌握Dreamweaver MX主要功能的使用方法和技术的标准培训教程。 | |
| 540 | @a中文版Dreamweaver MX标准教程 | |
| 606 | 0 | @a计算机应用 |
| 690 | @aTP393.092@v4 | |
| 701 | 0 | @a王克杰@Awang ke jie@4著 |
| 801 | @aCN@c20100515 | |
| 905 | @dTP393.092@eW240@f5 | |
| 中文版Dreamweaver MX标准教程/王克杰著.-北京:宇航出版社,2003.05 |
| 276页;26cm |
| "十五"全国计算机培训教育规划标准教材 |
| ISBN 978-7-80144-569-8:CNY22.00 |
| 本书是专为想在最短时间内全面学习和掌握Dreamweaver MX主要功能的使用方法和技术的标准培训教程。 |
| ● |
| 相关链接 |
|
|
|
正题名:中文版Dreamweaver MX标准教程
索取号:TP393.092/W240
 
预约/预借
| 序号 | 登录号 | 条形码 | 馆藏地/架位号 | 状态 | 备注 |
| 1 | 995112 | 209951122 | 自科库301/301自科库 129排1列2层/ [索取号:TP393.092/W240] | 在馆 | |
| 2 | 995113 | 209951131 | 自科二线504/504自科库 15排1列5层/ [索取号:TP393.092/W240] | 在馆 | |
| 3 | 995114 | 209951140 | 自科二线504/504自科库 15排1列5层/ [索取号:TP393.092/W240] | 在馆 | |
| 4 | 995115 | 209951159 | 自科二线504/504自科库 15排1列5层/ [索取号:TP393.092/W240] | 在馆 | |
| 5 | 995116 | 209951168 | 自科二线504/504自科库 15排1列6层/ [索取号:TP393.092/W240] | 在馆 |